000
00205 a2200097 4500
001
7103
100
_a
Katayev, I.G
245
_a
Electromagnetic shock waves
260
_a
_b
Iliffe
_c
090
_c
5873
_d
5873
942
_a
NUST-CAE
_c
M
_c
32348
999
_c
242176
_d
242176